Life of Pi: a novel (Record no. 9115)

MARC details
000 -LEADER
fixed length control field 00853nam a22002177a 4500
003 - CONTROL NUMBER IDENTIFIER
control field OSt
005 - DATE AND TIME OF LATEST TRANSACTION
control field 20260313065140.0
008 - FIXED-LENGTH DATA ELEMENTS--GENERAL INFORMATION
fixed length control field 260313b |||||||| |||| 00| 0 eng d
020 ## - INTERNATIONAL STANDARD BOOK NUMBER
International Standard Book Number 978-0-15-603588-0
040 ## - CATALOGING SOURCE
Original cataloging agency DWCL GS lib
Transcribing agency OC
082 ## - DEWEY DECIMAL CLASSIFICATION NUMBER
Classification number M376l 2001
100 ## - MAIN ENTRY--PERSONAL NAME
Personal name MARTEL, YANN
245 ## - TITLE STATEMENT
Title Life of Pi: a novel
Statement of responsibility, etc. YANN MARTEL
260 ## - PUBLICATION, DISTRIBUTION, ETC.
Place of publication, distribution, etc. New York
Name of publisher, distributor, etc. Harcourt Publishing Company
Date of publication, distribution, etc. 2001
300 ## - PHYSICAL DESCRIPTION
Extent 401 p
Dimensions 17 cm.
520 ## - SUMMARY, ETC.
Summary, etc. a philosophical novel about Piscine "Pi" Molitor Patel, a16-year-old Indian boy who survives 227 days adrift in the Pacific Ocean on a lifeboat with a Bengal tiger named Richard Parker
650 ## - SUBJECT ADDED ENTRY--TOPICAL TERM
Topical term or geographic name entry element The novel is a frame narrative centered on Piscine Molitor "Pi" Patel
650 ## - SUBJECT ADDED ENTRY--TOPICAL TERM
Topical term or geographic name entry element survival requires faith, resilience, and adaptability in the face of adversity
700 ## - ADDED ENTRY--PERSONAL NAME
Personal name YANN MARTEL
942 ## - ADDED ENTRY ELEMENTS (KOHA)
Source of classification or shelving scheme Dewey Decimal Classification
Koha item type Fiction
Suppress in OPAC No

No items available.